Generator Dash #21 - Statistics

General Stats
  • This quiz has been taken 131 times
  • The average score is 7 of 11
Answer Stats
Hint Answer % Correct
Breakfast bowlful (6) Cereal
95%
Cancer (Zodiac) symbol (4) Crab
87%
Wrist bauble (8) Bracelet
85%
Actor Guinness (4) Alec
76%
Drug syndicate (6) Cartel
75%
Put back in office (7) Reelect
68%
Minos' kingdom (5) Crete
65%
Molasses (7) Treacle
39%
9-Letter Word CELEBRATE
38%
Respond, answer (5) React
36%
Sophocles tragedy (7) Electra
17%
No matching quizzes found
Score Distribution
Percent of People with Each Score
Percentile by Number Answered
Your Score History
You have not taken this quiz